| 000 | 00492nam a2200145 4500 | ||
|---|---|---|---|
| 082 | _aPhD-IT USM | ||
| 100 |
_aUsman aslam _9100800 |
||
| 245 | _aData Sharing in Data-Cintric Multi-Tenant SaaS Application | ||
| 260 |
_aIslamabad _bNust School of Electrical Engineering and Computer Science _c2013 |
||
| 300 |
_a56P _eCD-ROM |
||
| 500 | _aSupervisor; Dr.Hamid Mukhtar | ||
| 700 |
_aUsman Aslam _9100801 |
||
| 856 | _uhttp://10.250.8.41:8080/xmlui/handle/123456789/9813 | ||
| 942 |
_cPR _2ddc |
||
| 999 |
_c12236 _d12236 |
||